| 000 | 00825nam a2200229 a 4500 | ||
|---|---|---|---|
| 001 | 000045673 | ||
| 005 | 20240307073949.0 | ||
| 008 | 110413s1982 dr 000 0 spa d | ||
| 040 |
_aDO-SdBNP _bspa _cBNPHU |
||
| 082 |
_axxxx _bxxxx |
||
| 110 | 1 |
_aUniversidad Autónoma de Santo Domingo _972951 |
|
| 245 | 1 | 0 |
_aPlan de estudios para la carrera de licenciatura en historia y de técnico en documentación histórica / _cpresentación ; Pablo Ma. Hernández. |
| 260 |
_aSanto Domingo : _ba Universidad Autónoma de Santo Domingo, _c1982. |
||
| 300 |
_a44 p. ; _c21 cm. |
||
| 490 | 1 |
_aOPLAU _v3 |
|
| 490 | 1 |
_aPlanes de estudios _v3 |
|
| 500 | _aPublicaciones de la UASD | ||
| 504 | _aBibliografía : P. 43-44 | ||
| 700 | 1 | 2 |
_aHernández, Pablo Ma., _956001 |
| 830 | 0 |
_aOPLAU _v3 _956002 |
|
| 830 | 0 |
_aPlanes de estudios _956003 |
|
| 999 |
_c45162 _d45162 |
||